000 004150000a22001810004500
003 MACL
005 20150911170833.0
008 150911b xxu||||| |||| 00| 0 eng d
040 _aMACL
_cMACL
041 _aEnglish
082 _a823
100 _aHameed, Syeda S
_94012
245 _aThey Hang
260 _bKali for Women
_c2006
_aNew Delhi
350 _a275
650 _aFiction
_910278
942 _cBK
_k823
_2ddc
999 _c8370
_d8370